00992nam a2200169 a 450000100100000000500170001000800410002704000250006808200270009310000530012024502960017326000880046930000350055765000290059265100940062165101070071500002762820200930030955.0110324t1955 dr ac r 000 0 spa d aDO-SdBNPbspacBNPHU a972.93053bT866m, 19541 aTrujillo Molina, Héctor Bienvenido,d1908-200210aMensaje depositado ante el Congreso Nacional el 27 de febrero de 1955, Año del benefactor de la Patria por el Presidente de la República Dominicana General Héctor Bienvenido Trujillo Molina para darle cuenta de su gestión durante el año 1954 /cHéctor Bienvenido Trujillo Molina. aCiudad Trujillo, República Dominicana :bImprenta del Ejercito Nacional,c[1955]. a127 p. :bil., retr. ;c23 cm. 4aDiscursos presidenciales 4aRepública DominicanaxHistoriayERA DE TRUJILLO, 1930-1961xEnsayos, Conferencias, Etc. 4aRepública DominicanaxPolítica Y GobiernoyERA DE TRUJILLO, 1930-1961xEnsayos, Conferencias, Etc.